Datum a čas kvízu
30.5
Celkem bodů
Celkový počet nahraných bodů na tomto kvízu bez doplňovacích otázek.
7.
Pořadí na kvízu
Konečné umístění týmu na tomto kvízu.
Zaznamenané odpovědi
| # | Otázka | Odpověď | Body | Výsledky |
|---|---|---|---|---|
| 1. | V Olomouci se objevil případ m... | na sušáku na prádlo (na klepači na koberce) | 1 | |
| 2. | Která země jako první v Latins... | Uruguay | 0 | |
| 3. | Herecká asociace oznámila jmén... | Dana Syslová | 0 | |
| 4. | Která společnost se umístila n... | Apple | 0 | |
| 5. | Minulý týden se na internetu o... | Manchester United | 0 | |
| 6. | Asijská poušť Karakum, uprostř... | Turkmenistán | 1 | |
| 7. | Uveďte, kterým čtyřpísmenným p... | vádí | 1 | |
| 8. | Vyberte, se kterým živočichem... | B | 1 | |
| 9. | Vojáci Československého pěšího... | Tobruk | 1 | |
| 10. | Který spisovatel je autorem vě... | Frank Herbert | 1 |